000 01033cam a2200253 4500
001 ca 34000727
003 DLC
005 20260227111131.0
008 811211s1864 vau 000 0 eng
010 _aca 34000727
040 _aDLC
_cCarP
_dDLC
043 _an-us---
050 0 0 _aE480.5
_b.C836
051 _aE484
_b.C65
_cNo. 15 in a vol. with binder's title: C.S.A. Congress communications.
110 1 _aConfederate States of America.
_bDepartment of the Treasury.
245 1 0 _aCommunication of Secretary of Treasury, Treasury Department, C.S.A., Richmond, November 23, 1864.
246 1 _iAt head of title:
_aHouse of Representatives, November 25, 1864, laid on the table and ordered to be printed
260 _a[Richmond,
_c1864]
300 _a1 sheet ([1] p.)
_c24 cm.
510 4 _aCrandall, M.L. Confederate imprints,
_c1101
650 0 _aFinance
_zConfederate States of America.
650 0 _aMoney
_zConfederate States of America.
710 2 _aConfederate States of America Collection (Library of Congress)
_5DLC
999 _c17332
_d17332